Temas de la campaña de igualdad de género 2008-2009 de la OIT
Este agrupa un conjunto de pequeños artículos relacionados con los temas de la campaña de igualdad de género para 2008-2009 de la Oficina Internacional del Trabajo, los cuales se relacionan con la protección de la maternidad, la educación vrs el trabajo infantil, la empleabilidad y creación de oport...
Guardat en:
| Format: | Text |
|---|---|
| Matèries: | |
| Etiquetes: |
Afegir etiqueta
Sense etiquetes, Sigues el primer a etiquetar aquest registre!
|
MARC
| LEADER | 00000 a a2200000 04500 | ||
|---|---|---|---|
| 001 | 41329 | ||
| 003 | |||
| 040 | |||
| 245 | |a Temas de la campaña de igualdad de género 2008-2009 de la OIT | ||
| 520 | |a Este agrupa un conjunto de pequeños artículos relacionados con los temas de la campaña de igualdad de género para 2008-2009 de la Oficina Internacional del Trabajo, los cuales se relacionan con la protección de la maternidad, la educación vrs el trabajo infantil, la empleabilidad y creación de oportunidades, la lucha contra la discriminación de mujeres, la emigración laboral, los empleos verdes, entre otros temas. | ||
| 590 | |a SJB/JULIO2012 | ||
| 650 | |a 1.IGUALDAD DE GENERO | ||
| 650 | |a 2.IGUALDAD DE OPORTUNIDADES | ||
| 650 | |a 3.DISCRIMINACION | ||
| 650 | |a 4.MATERNIDAD | ||
| 650 | |a 5.EDUCACION | ||
| 650 | |a 6.EMPLEO | ||
| 650 | |a 7.MIGRANTES | ||
| 650 | |a 8.DERECHOS HUMANOS | ||
| 773 | |g número65 ( , 2009), páginas 8-27 : fotos | ||
| 999 | |c 37648 |d 37648 | ||
